La novela del tiempo en diez mil versos / (Record no. 185182)
[ view plain ]
| 000 -LEADER | |
|---|---|
| campo de control de longitud fija | 01162nam a2200277 i 4500 |
| 001 - NÚMERO DE CONTROL | |
| campo de control | 185182 |
| 003 - IDENTIFICADOR DE NÚMERO DE CONTROL | |
| campo de control | SpMaBN |
| 005 - FECHA Y HORA DE LA ÚLTIMA TRANSACCIÓN | |
| campo de control | 20250623063023.0 |
| 008 - DATOS DE LONGITUD FIJA--INFORMACIÓN GENERAL | |
| campo de control de longitud fija | 160404s2014 sp acgo |||| |dspa d |
| 020 ## - NÚMERO INTERNACIONAL ESTÁNDAR DEL LIBRO | |
| Número Internacional Estándar del Libro | 978-84-15871-99-6 |
| 080 ## - NÚMERO DE LA CLASIFICACIÓN DECIMAL UNIVERSAL | |
| Número de la Clasificación Decimal Universal | 821.134.2-14"19" |
| 100 1# - ENTRADA PRINCIPAL--NOMBRE DE PERSONA | |
| Nombre de persona | Ramírez Codina, Juan, |
| Fechas asociadas al nombre | 1954- |
| 9 (RLIN) | 159277 |
| Término indicativo de función/relación | Autor |
| 245 13 - MENCIÓN DEL TÍTULO | |
| Título | La novela del tiempo en diez mil versos / |
| Mención de responsabilidad, etc. | Juan Ignacio Ramírez (i) Codina. |
| 250 ## - MENCION DE EDICION | |
| Mención de edición | 1ª edición |
| 260 ## - PUBLICACIÓN, DISTRIBUCIÓN, ETC. | |
| Lugar de publicación, distribución, etc. | Barcelona : |
| Nombre del editor, distribuidor, etc. | El Cobre, |
| Fecha de publicación, distribución, etc. | 2014 |
| 300 ## - DESCRIPCIÓN FÍSICA | |
| Extensión | 468 páginas : |
| Otras características físicas | ilustraciones (color y negro), música ; |
| Dimensiones | 23 x 30 cm + |
| Material acompañante/anejo | 1 CD-AUDIO |
| 505 0# - NOTA DE CONTENIDO CON FORMATO | |
| Nota de contenido con formato | Contiene: Escandir los diez mil versos del tiempo; Que del tiempo serán visitaciones; El teatro del tiempo en tres mil versos |
| 505 0# - NOTA DE CONTENIDO CON FORMATO | |
| Nota de contenido con formato | CD-AUDIO incluye: La novela del tiempo, de Pablo Sáinz Villegas |
| 700 1# - ENTRADA AGREGADA--NOMBRE PERSONAL | |
| Nombre de persona | Sáinz Villegas, Pablo, |
| Fechas asociadas al nombre | 1977- |
| 9 (RLIN) | 159278 |
| Término indicativo de función/relación | Colaborador |
| 740 02 - ENTRADA AGREGADA--TÍTULO RELACIONADO/ANALÍTICO NO CONTROLADO | |
| Título relacionado o analítico no controlado | Partitura del tiempo con guitarra. |
| 852 ## - LOCALIZACIÓN | |
| Ubicación | ES-MaACL |
| Sublocalización o colección | R.150942 |
| Ubicación en estantería | Depósito 1 |
| Signatura antigua | Olim: N-6681 |
| Número de control de estantería | A-13681 |
| Encuadernación | Cartoné |
| itemnumber | 192202 |
| 852 ## - LOCALIZACIÓN | |
| Ubicación | ES-MaACL |
| Número de control de estantería | ROT 2/6/33 (CD-AUDIO) |
| Ubicación en estantería | Rotativo |
| 942 ## - ELEMENTOS DE ENTRADA SECUNDARIOS (KOHA) | |
| Fuente del sistema de clasificación o colocación | Clasificación decimal universal |
| Tipo de ítem Koha | Libro impreso |
| Suprimir en OPAC | No |
| Estatus retirado | Estado de pérdida | Fuente del sistema de clasificación o colocación | Estado de daño | No para préstamo | Biblioteca de origen | Biblioteca actual | Ubicación en estantería | Fecha de adquisición | Fuente de adquisición | Total de préstamos | Signatura topográfica completa | Código de barras | Visto por última vez | Precio de reemplazo | Tipo de ítem Koha |
|---|---|---|---|---|---|---|---|---|---|---|---|---|---|---|---|
| Clasificación decimal universal | Biblioteca del Ateneo de Madrid | Biblioteca del Ateneo de Madrid | Depósito 1 | 04/04/2016 | Donación | A-13681 | 1195063 | 23/02/2023 | 23/02/2023 | Libro impreso | |||||
| Clasificación decimal universal | Biblioteca del Ateneo de Madrid | Biblioteca del Ateneo de Madrid | Depósito | 05/04/2016 | ROT 2/6/33 | 1195069 | 23/02/2023 | 23/02/2023 | Archivo de ordenador en CD-ROM, CD o disquete |
